LEADER 00959nam a2200241 i 4500 001 000000076364 003 CaOOAMICUS 005 20071003000000.0 008 071003s1968 it u000 u ita u 013 $a47536 040 $aSeMil$bita 100 1 $aDe Michelis, Cesare Giuseppe,$d<1944- >.$0(OLS)http://semarc/name/90951 245 10$a[Pasternak /$cdi Cesare G. De Michelis]. 260 $aFirenze :$bLa Nuova Italia,$c1968. 300 $a141 p. ;$c17 cm. 490 0 $aIl castoro ;$v23 500 $aContiene : Note bibliografiche ; Notizie biografiche. 600 14$aPasternak, Boris Leonidovi? <1890-1960>.$0(OLS)http://semarc/subject/15605 830 3$aIl castoro ;$v23.$0(OLS)http://semarc/title/659 850 $aSeMil 852 $aSeMil$W1$xVenegono$y1$m1L II 21$j42516$B42516$CSeMilBibl$Z2$F42520 $81 996 $6245$a[Pasternak$9(OLS)http://semarc/title/123759 996 $6260$aFirenze :$bLa Nuova Italia$9(OLS)http://semarc/publisher/30055 LEADER 01147nam a2200253 i 4500 001 000000108667 003 CaOOAMICUS 005 20021005000000.0 008 021005s1981 it u000 u ita u 013 $a81347 040 $aSeMil$bita 245 10$aSocietà e futuro :$bcrisi dell'Occidente, esaurimento del suo modello di sviluppo e le possibili alternative /$cR. Gritti ; E. Barbieri Masini (a cura di) 260 $aRoma :$bCittà Nuova,$ccopyr. 1981. 300 $a290 p ;$c19 cm. 490 0 $aIdee ;$v54 650 4$aSociologia.$0(OLS)http://semarc/subject/3570 700 1 $aBarbieri Masini, Eleonora.$0(OLS)http://semarc/name/16705 700 1 $aGritti, R.$0(OLS)http://semarc/name/45640 830 0$aIdee ;$v54.$0(OLS)http://semarc/title/6244 850 $aSeMil 852 $aSeMil$W1$xVenegono$y1$m2RA VII 43$j64738$B64738$CSeMilBibl$Z2$F72463 $81 961 $aRecupero: Seminario di Seveso 996 $6245$aSocietà e futuro :$bcrisi dell'Occidente, esaurimento del suo modello di sviluppo e le possibili alternative$9(OLS)http://semarc/title/157624 996 $6260$aRoma :$bCittà Nuova$9(OLS)http://semarc/publisher/29609